Visualizzazione normale
Vista MARC
- Anonimo
di Personal Name
Records bibliografici associati: 1
001 - CONTROL NUMBER
- control field: 7669
003 - CONTROL NUMBER IDENTIFIER
- control field: IT-RoPau
005 - DATE AND TIME OF LATEST TRANSACTION
- control field: 20140105115215.0
008 - FIXED-LENGTH DATA ELEMENTS
- fixed length control field: 140105|| aca||aabn | a|a d
040 ## - CATALOGING SOURCE
- Original cataloging agency: IT-RoPau
- Transcribing agency: IT-RoPau
100 ## - HEADING--PERSONAL NAME
- Personal name: Anonimo
- Dates associated with a name: Codice autore musica SPICS: 2620
- Relator term: Autore musica
- Name of part/section of a work: Sul cappello che noi portiamo - O Dio del cielo - Testamento del capitano - Bandiera tricolore - Dove sei stato, mio bell'alpino - La bella Gigogin
670 ## - SOURCE DATA FOUND
- Source citation: Work cat.: (IT-RoPau)102740: AA.VV. 794, Canti della Patria (Lp Hit 30.218)